| 000 -ლიდერი |
| ფიქსირებული სიგრძის საკონტროლო ველი |
01225nam a2200253Ia 4500 |
| 001 - საკონტროლო ნომერი |
| საკონტროლო ველი |
23179 |
| 003 - საკონტროლო ნომრის იდენტიფიკატორი |
| საკონტროლო ველი |
GE_BSU |
| 005 - ბოლო ოპერაციის თარიღი და დრო |
| საკონტროლო ველი |
20230719171002.0 |
| 008 - ფიქსირებული სიგრძის მონაცემთა ელემენტები - ზოგადი ინფორმაცია |
| ფიქსირებული სიგრძის საკონტროლო ველი |
181216s1956||||ge |||||||||||||| ||geo|| |
| 040 ## - კატალოგიზაციის წყარო |
| Transcribing agency |
GE_BSU |
| 041 ## - ენის კოდი |
| Language code of text/sound track or separate title |
geo |
| 080 ## - უნივერსალური ათობითი კლასიფიკაციის ინდექსი |
| Universal Decimal Classification number |
821.112.2-144 შ-63 |
| 100 ## - მთავარი ჩანაწერი - პიროვნების სახელი |
| Personal name |
შილერი, ფ. |
| 9 (RLIN) |
19450 |
| 245 ## - ცნობა სათაურის შესახებ |
| Title |
ბალადები, ლირიკა / |
| Statement of responsibility, etc |
ფ. შილერი ; თარგმ. ხარიტონ ვარდოშვილისა ; შესავალი წერილი ოთარი ჯინორიასი ; რედ. ვ. ბეწერელია ; მხატვ. თ. ასიტაშვილი. |
| 264 ## - წარმოების, გამოცემის, დისტრიბუციის და სხვა ცნობები |
| გამოცემის, წარმოების, დისტრიბუციის... ადგილი |
თბილისი : |
| გამოცემის, წარმოების, დისტრიბუციის... სახელწოდება |
საბჭ. მწერალი, |
| გამოცემის, წარმოების, დისტრიბუციის... თარიღი |
1956. |
| 300 ## - ფიზიკური აღწერა |
| Extent |
160 გვ. : |
| Other physical details |
1ფ. პორტრ. ; |
| Dimensions |
21 სმ. |
| 653 ## - INDEX TERM--UNCONTROLLED |
| Uncontrolled term |
ბალადები |
| 653 ## - INDEX TERM--UNCONTROLLED |
| Uncontrolled term |
ლირიკა |
| 700 ## - ADDED ENTRY--PERSONAL NAME |
| Personal name |
ვარდოშვილი, ხარიტონ |
| Relator term |
მთარგმნელი |
| 9 (RLIN) |
19451 |
| 700 ## - ADDED ENTRY--PERSONAL NAME |
| Personal name |
ბეწერელია, ვ. |
| Relator term |
რედაქტორი |
| 9 (RLIN) |
19452 |
| 700 ## - ADDED ENTRY--PERSONAL NAME |
| Personal name |
ასიტაშვილი, თ. |
| Relator term |
მხატვარი |
| 9 (RLIN) |
3722 |
| 942 ## - ADDED ENTRY ELEMENTS (KOHA) |
| Koha item type |
წიგნი |
| Source of classification or shelving scheme |
|